Calibán y la Bruja. Mujeres, Cuerpo y Acumulación Originaria

Saved in:
Bibliografiske detaljer
Hovedforfatter: Federici, Silvia
Format: Ukendt
Sprog:engelsk
Udgivet: Buenos Aires, Argentina. Tinta Limón, 2015
Serier:Nociones comunes
Fag:
Online adgang:Disponible Online
Tags: Tilføj Tag
Ingen Tags, Vær først til at tagge denne postø!

MARC

LEADER 00000 a2200000 4500
003 CL-VaPUC
005 20211207105913.0
008 201118b ||||| |||| 00| 0 eng d
999 |c 431822  |d 431820 
020 |a 9789873687075 
040 |c Pontificia Universidad Católica de Valparaíso 
082 |a 305.4 FED 2015 
100 |a Federici, Silvia  |9 856867 
245 |a Calibán y la Bruja. Mujeres, Cuerpo y Acumulación Originaria 
260 |a Buenos Aires, Argentina.  |b Tinta Limón,  |c 2015 
300 |a 416 páginas  
440 |a Nociones comunes   |n  13  |9 858296 
583 |k Cristina Rojas  |c 20201119 
650 |a Mujer  |z Europa  |x Condiciones sociales   |9 858297 
650 |a Mujer   |z Europa  |x Condiciones económicas  |9 858298 
650 |a Capitalismo  |z Europa  |x Historia  |9 858299 
852 |a BIBCUR 
856 |u https://www.tintalimon.com.ar/public/tmqlg295o2cyb1xhv80n657f7xdt/pdf_978-987-3687-07-5.pdf  |y Disponible Online 
942 |2 ddc  |c BK 
952 |0 0  |1 0  |2 ddc  |4 0  |6 305_400000000000000_FED_2015  |7 0  |8 A  |9 576945  |a BIBGIM  |b BIBGIM  |d 2020-11-19  |e 3  |g 14250.00  |i 5577926  |l 1  |o 305.4 FED 2015  |p 5577926  |r 2025-01-15  |s 2022-09-28  |t 1  |v 14250.00  |w 2020-11-19  |y BK  |k SSL 
952 |0 0  |1 0  |2 ddc  |4 0  |6 305_400000000000000_FED_2015  |7 0  |8 A  |9 576946  |a BIBGIM  |b BIBGIM  |d 2020-11-19  |e 3  |g 14250.00  |i 5577934  |l 1  |m 1  |o 305.4 FED 2015  |p 5577934  |r 2025-01-15  |s 2022-05-10  |t 2  |v 14250.00  |w 2020-11-19  |y BK  |k SSL